| 000 | 00717nam a2200253Ia 4500 | ||
|---|---|---|---|
| 003 | OSt | ||
| 005 | 20221007072633.0 | ||
| 006 | a|||||r|||| 00| 0 | ||
| 007 | ta | ||
| 008 | 221006b |||||||| |||| 00| 0 eng d | ||
| 024 | _a25,112 | ||
| 037 | _cTextual | ||
| 040 |
_aFLL _cFLL _beng |
||
| 041 |
_2eng _aeng |
||
| 082 | _aZ3:805, J4 | ||
| 100 | _aButler T.R. Fitzwalter | ||
| 245 | 0 | _aPleading, evidence and practice in criminal cases | |
| 250 | _a33rd | ||
| 260 |
_aLondon _bSweet & Maxwell Ltd. London _c1954 |
||
| 300 |
_acxciv,1-1691p _ccm. |
||
| 700 |
_a Garsia Marston _9690720 |
||
| 942 |
_hZ3:805, J4 _cTEXL _2CC |
||
| 999 |
_c1146620 _d1146620 |
||